000 00432nam a22001697a 4500
005 20160611142817.0
008 160611b xxu||||| |||| 00| 0 eng d
020 _a81-7808-970-X
041 _aeng
082 _b6946
100 _aSharan, Vyuptakesh
_9733
245 _aInternational Business Concept, Environment and Strategy
260 _aDelhi
_bpearson education
300 _a388
650 _aManagement
_9241
942 _cBK
999 _c2417
_d2416